000 00430nam a2200145Ia 4500
008 191111s9999 xx 000 0 und d
020 _a9781260092868
100 _aVanPutte, Cinnamon.
245 _cCinnamon VanPutte.--
_aSeeley's essentials of anatomy & physiology /
250 _a10th ed
260 _aUSA :
_bMcGraw-Hill Education
_c2019
300 _axxi, 585 pages.
650 _aHuman anatomy
650 _aHuman physiology
999 _c362668
_d362668